Logo BPK

Biblioteka

Politechniki Koszalińskiej

Excel 2003 PL : (Rekord nr 44818)

Szczegóły MARC
000 -ETYKIETA REKORDU
podpole kontrolne o stałej długości 00951nam a2200277 i 4500
001 - NUMER KONTROLNY REKORDU
pole kontrolne bg
020 ## - MIĘDZYNARODOWY ZNORMALIZOWANY NUMER KSIĄŻKI - ISBN
ISBN 8373615040
040 ## - ŹRÓDŁO KATALOGOWANIA
Instytucja, która utworzyła rekord BPK
041 1# - KOD JĘZYKA
Kod języka tekstu pol
Kod języka oryginału eng
080 ## - UNIWERSALNA KLASYFIKACJA DZIESIĘTNA - UKD
UKD 004.42(07)
920 ## - Międzynarodowy znormalizowany numer książki – ISBN
ISBN 83-7361-504-0
008 - POLE O STAŁEJ DŁUGOŚCI - DANE KONTROLNE
podpole kontrolne o stałej długości s pl f |000 0 pol
100 1# - NAZWA OSOBOWA
Nazwa osobowa WALKENBACH, John
245 10 - TYTUŁ/ODPOWIEDZIALNOŚĆ
Tytuł Excel 2003 PL :
Ciąg dalszy tytułu programowanie w VBA : vademeceum programisty /
Pozostałe elementy strefy tytułu i oznaczenia odpowiedzialności John Walkenbach ; [tł. Piotr Pilch (wstęp, rozdz.
Oznaczenie części/sekcji dzieła 1014), Radosław Meryk (rozdz.
-- 15-30, dod. A-D].
246 ## - WARIANT TYTUŁU
Treść wyrażenia wprowadzającego Tyt. oryg.:
Tytuł Excel 2003 power programming with VBA
260 ## - STREFA ADRESU WYDAWNICZEGO
Miejsce wydania Gliwice :
Nazwa wydawcy/dystrybutora "Helion",
Data publikacji, dystrybucji/powstania dokumentu cop. 2004.
300 ## - STREFA OPISU FIZYCZNEGO
Objętość 871 s. ;
Rozmiary 25 cm +
Dokument towarzyszący CD-ROM.
500 ## - UWAGI OGÓLNE
Tekst uwagi Tyt. oryg.: "Excel 2003 power programming with VBA".
504 ## - UWAGA DOTYCZĄCA BIBLIOGRAFII
Informacje o bibliografii Indeks.
650 #9 - HASŁO PRZEDMIOTOWE W FORMIE NAZWY OGÓLNEJ LUB JEDNOSTKOWEJ
Nazwa ogólna lub geograficzna Excel
655 ## - TERMIN INDEKSOWY - OKREŚLENIE RODZAJU/FORMY DOKUMENTU
Określenie rodzaju/formy dokumentu Podręczniki
700 1# - HASŁO DODATKOWE - NAZWA OSOBOWA
Nazwa osobowa PILCH, Piotr.
Określenie związku między hasłem a opisywanym materiałem Tł.
700 1# - HASŁO DODATKOWE - NAZWA OSOBOWA
Nazwa osobowa MERYK, Radosław.
Określenie związku między hasłem a opisywanym materiałem Tł.
856 ## - LOKALIZACJA I DOSTĘP DO ELEKTRONICZNYCH DOKUMENTÓW ZDALNYCH
Link (URL) http://koha.tu.koszalin.pl/cgi-bin/koha/opac-detail.pl?biblionumber=44818
Tekst linku Katalog online BPK
942 ## - DODATKOWE ELEMENTY (KOHA)
Typ dokumentu Książka
Egzemplarze
Wycofany Status egzemplarza Uszkodzony Dostępność Lokalizacja stała Lokalizacja bieżąca Miejsce przechowywania Sygnatura Kod kreskowy Ostatnio wypożyczono Typ dokumentu
      Dostępny Biblioteka Politechniki Koszalińskiej Biblioteka Politechniki Koszalińskiej Wypożyczalnia BG 72551 02170589 20.10.2016 Książka
© 2023 Biblioteka Politechniki Koszalińskiej :: KOHA